[Event "Santa Cruz Jovenes Banca Civica 1st"]
[Site "Santa Cruz"]
[Date "2012.04.13"]
[Round "6.4"]
[White "Meneses Gonzalez, Kevin Moises"]
[Black "Gonzalez Cruz, Steven"]
[Result "1-0"]
[WhiteElo "2248"]
[BlackElo "1914"]
[PlyCount "55"]
[EventDate "2012.03.02"]
[EventType "tourn"]
[EventRounds "7"]
[EventCountry "ESP"]
[SourceTitle "EXT 2024"]
[Source "ChessBase"]
[SourceDate "2023.10.10"]
[SourceVersion "1"]
[SourceVersionDate "2023.10.10"]
[SourceQuality "1"]

1. e4 c5 2. Nf3 d6 3. d4 cxd4 4. Nxd4 Nf6 5. Nc3 g6 6. Be3 Nc6 7. f3 Bg7 8. Qd2 0-0 9. 0-0-0 d5 10. Qe1 e5 11. Nxc6 bxc6 12. exd5 Nxd5 13. Bc4 Be6 14. Ne4 Qb8 15. Bc5 Re8 16. g4 Nf4 17. Bxe6 Rxe6 18. g5 Qb5 19. b3 Qe2 20. Qxe2 Nxe2+ 21. Kb2 a6 22. Rd7 Bf8 23. Rhd1 Bxc5 24. Nxc5 Ree8 25. R1d6 Nd4 26. Rf6 Rad8 27. Ra7 Rd5 28. Ne4 1-0

[Event "Santa Cruz Jovenes Banca Civica 1st"]
[Site "Santa Cruz"]
[Date "2012.03.23"]
[Round "5"]
[White "Gonzalez Cruz, Steven"]
[Black "Molina Rodriguez, Borja"]
[Result "1-0"]
[WhiteElo "1914"]
[BlackElo "2141"]
[PlyCount "146"]
[EventDate "2012.03.02"]
[EventType "tourn"]
[EventRounds "7"]
[EventCountry "ESP"]
[SourceTitle "EXT 2024"]
[Source "ChessBase"]
[SourceDate "2023.10.10"]
[SourceVersion "1"]
[SourceVersionDate "2023.10.10"]
[SourceQuality "1"]

1. c4 e5 2. Nc3 Nf6 3. Nf3 Nc6 4. g3 d5 5. cxd5 Nxd5 6. Bg2 Nb6 7. 0-0 Be7 8. d3 0-0 9. Be3 Be6 10. Ne4 Nd5 11. Bc5 f6 12. Bxe7 Qxe7 13. Rc1 Bf7 14. a3 a5 15. Nc5 b6 16. Na4 Qd7 17. Qc2 Nde7 18. Rfd1 Ra7 19. Nc3 Nd4 20. Nxd4 exd4 21. Ne4 a4 22. Nd2 Re8 23. Bf3 c5 24. Nc4 Ra6 25. Re1 Nd5 26. e4 dxe3 27. Nxe3 Nc7 28. Qd2 Nb5 29. Nc2 Rd8 30. Qe3 Ra7 31. Qe4 Nd4 32. Nxd4 Qxd4 33. Qxd4 Rxd4 34. Be2 Rad7 35. Red1 Kf8 36. f4 g6 37. Kf2 Ke7 38. Bf1 Kd8 39. Re1 Bb3 40. Re3 g5 41. fxg5 fxg5 42. Rce1 Bc2 43. Re6 Kc7 44. Bg2 Rxd3 45. Rc6+ Kd8 46. Bh3 Rb3 47. Bxd7 Kxd7 48. Ree6 Rxb2 49. Rxb6 Bb3+ 50. Re2 Rb1 51. Rh6 c4 52. Rd2+ Kc7 53. Rdd6 Rb2+ 54. Ke3 Rb1 55. Rdf6 Re1+ 56. Kd2 Re7 57. Kc3 Re3+ 58. Kb4 Re7 59. Rf5 Rg7 60. Kc3 g4 61. Rhf6 Kd7 62. Rf7+ Rxf7 63. Rxf7+ Ke6 64. Rf4 h5 65. Kd4 Ba2 66. Rf8 Bb1 67. Rh8 Bg6 68. Kxc4 Ke5 69. Rf8 Ke4 70. Kb4 Ke3 71. Kxa4 Be4 72. Kb4 Bf3 73. Rh8 Kf2 1-0

[Event "Santa Cruz Jovenes Banca Civica 1st"]
[Site "Santa Cruz"]
[Date "2012.03.18"]
[Round "4"]
[White "Perez Barreto, Adrian"]
[Black "Gonzalez Cruz, Steven"]
[Result "1/2-1/2"]
[WhiteElo "1956"]
[BlackElo "1914"]
[PlyCount "55"]
[EventDate "2012.03.02"]
[EventType "tourn"]
[EventRounds "7"]
[EventCountry "ESP"]
[SourceTitle "EXT 2024"]
[Source "ChessBase"]
[SourceDate "2023.10.10"]
[SourceVersion "1"]
[SourceVersionDate "2023.10.10"]
[SourceQuality "1"]

1. d4 d5 2. c4 c6 3. Nf3 Nf6 4. Nc3 e6 5. Bg5 Be7 6. Qc2 0-0 7. e3 Nbd7 8. cxd5 exd5 9. Bd3 Re8 10. h3 h6 11. Bf4 Nf8 12. 0-0-0 a5 13. Kb1 a4 14. g4 b5 15. Ne5 Bd7 16. g5 hxg5 17. Bxg5 Qa5 18. Rdg1 b4 19. Bh6 Ne6 20. Bg6 Rf8 21. Bxf7+ Rxf7 22. Nxf7 Kxf7 23. Qg6+ Kf8 24. Bxg7+ Nxg7 25. Qxg7+ Ke8 26. Qh8+ Kf7 27. Qg7+ Ke8 28. Qh8+ 1/2-1/2

[Event "ESP-ch"]
[Site "El Sauzal"]
[Date "2010.09.10"]
[Round "7"]
[White "Gonzalez Cruz, Steven"]
[Black "Senlle Caride, Miguel"]
[Result "0-1"]
[WhiteElo "1831"]
[BlackElo "2233"]
[PlyCount "38"]
[EventDate "2010.09.04"]
[EventType "swiss"]
[EventRounds "9"]
[EventCountry "ESP"]
[SourceTitle "CBM 138 Extra"]
[Source "ChessBase"]
[SourceDate "2010.10.29"]
[SourceVersion "1"]
[SourceVersionDate "2010.10.29"]
[SourceQuality "1"]

1. e4 c5 2. Nf3 Nc6 3. d4 cxd4 4. Nxd4 e6 5. Nb5 Nf6 6. N1c3 Bb4 7. a3 Bxc3+ 8. Nxc3 d5 9. exd5 exd5 10. Bd3 0-0 11. 0-0 d4 12. Ne4 Nd5 13. Qh5 f5 14. Bc4 Kh8 15. Ng5 Nf6 16. Nf7+ Rxf7 17. Qxf7 Ne5 18. Re1 Nxf7 19. Bxf7 Qc7 0-1

[Event "ESP-ch"]
[Site "El Sauzal"]
[Date "2010.09.06"]
[Round "3"]
[White "Gonzalez Cruz, Steven"]
[Black "Perez Aleman, Pedro Tomas"]
[Result "1-0"]
[WhiteElo "1831"]
[BlackElo "2111"]
[PlyCount "75"]
[EventDate "2010.09.04"]
[EventType "swiss"]
[EventRounds "9"]
[EventCountry "ESP"]
[SourceTitle "CBM 138 Extra"]
[Source "ChessBase"]
[SourceDate "2010.10.29"]
[SourceVersion "1"]
[SourceVersionDate "2010.10.29"]
[SourceQuality "1"]

1. e4 e5 2. Nf3 Nc6 3. d4 exd4 4. Nxd4 Bc5 5. Be3 Qf6 6. c3 Nge7 7. Be2 d6 8. 0-0 Qg6 9. Bh5 Qf6 10. Nb5 0-0 11. Nxc7 Rb8 12. Qe2 g6 13. Bf3 Ne5 14. Nd2 h5 15. Rad1 Kg7 16. Rfe1 Bg4 17. Bxc5 dxc5 18. h3 Qh4 19. Qe3 Rbc8 20. Nb5 Rcd8 21. hxg4 hxg4 22. g3 Qh5 23. Bg2 Rd3 24. Qe2 Rh8 25. Kf1 a6 26. Nc7 c4 27. Nxc4 Rxd1 28. Rxd1 Nf3 29. Qe3 Qh2 30. Bxf3 gxf3 31. Qxf3 Nc6 32. Nd5 f5 33. exf5 gxf5 34. Nce3 Ne5 35. Qxf5 Qh1+ 36. Ke2 Qh5+ 37. Qxh5 Rxh5 38. Rd4 1-0

[Event "ESP-ch"]
[Site "El Sauzal"]
[Date "2010.09.04"]
[Round "1"]
[White "Gonzalez Cruz, Steven"]
[Black "Villavicencio Martinez, Adalberto"]
[Result "0-1"]
[WhiteElo "1831"]
[BlackElo "2308"]
[PlyCount "73"]
[EventDate "2010.09.04"]
[EventType "swiss"]
[EventRounds "9"]
[EventCountry "ESP"]
[SourceTitle "CBM 138 Extra"]
[Source "ChessBase"]
[SourceDate "2010.10.29"]
[SourceVersion "1"]
[SourceVersionDate "2010.10.29"]
[SourceQuality "1"]

1. e4 c5 2. d3 Nc6 3. Nf3 g6 4. g3 Bg7 5. Bg2 Nf6 6. 0-0 d5 7. Nbd2 0-0 8. exd5 Nxd5 9. Re1 b6 10. Nc4 Bb7 11. a4 Qc7 12. c3 Rad8 13. Qc2 Rd7 14. Bd2 Rfd8 15. Bh3 e6 16. Bg5 Re8 17. Bg2 h6 18. Bd2 Red8 19. Rad1 e5 20. Qc1 Kh7 21. Qc2 Nde7 22. Bc1 Ba6 23. b3 Nd5 24. Bb2 Bb7 25. h4 h5 26. Ng5+ Kg8 27. Ne3 Nxe3 28. Rxe3 Ne7 29. Ne4 Qc6 30. f3 Nf5 31. Ree1 Ba6 32. Bf1 Qc7 33. Bc1 f6 34. Kh2 Rd5 35. Qe2 Bxd3 36. Qf2 Bxf1 37. Qxf1 0-1